[Regionálne siete v cestovnom ruchu]
Recenzia na monografiu autorky Anny Michálkovej - Regionálne siete v cestovnom ruchu. Vedecká monografia sa zaoberá spoluprácou v regióne, kooperačnými sieťami v cestovnom ruchu, poukazuje na ich silné, ale aj slabé stránky, upozorňuje na problémy.
Uložené v:
| Hlavný autor: | |
|---|---|
| Médium: | Kapitola |
| Jazyk: | Slovak |
| Predmet: | |
| Tagy: |
Žiadne tagy, Buďte prvý, kto otaguje tento záznam!
|
MARC
| LEADER | 00000naa a2200000 4500 | ||
|---|---|---|---|
| 001 | 0123722 | ||
| 005 | 20231016073940.2 | ||
| 041 | 0 | |a slo | |
| 044 | |a SK | ||
| 245 | 1 | 0 | |a [Regionálne siete v cestovnom ruchu] |c Kristína Pompurová |
| 520 | |a Recenzia na monografiu autorky Anny Michálkovej - Regionálne siete v cestovnom ruchu. Vedecká monografia sa zaoberá spoluprácou v regióne, kooperačnými sieťami v cestovnom ruchu, poukazuje na ich silné, ale aj slabé stránky, upozorňuje na problémy. | ||
| 610 | 2 | 0 | |a ruch cestovný |
| 610 | 2 | 0 | |a regióny |
| 610 | 2 | 0 | |a spolupráca podnikov |
| 610 | 2 | 0 | |a kooperácia |
| 610 | 2 | 0 | |a združenia |
| 610 | 2 | 0 | |a manažment |
| 610 | 2 | 0 | |a recenzie |
| 100 | 1 | |a Pompurová, Kristína | |